| 000 | 00956nam a2200337 a 4500 | ||
|---|---|---|---|
| 001 | 000110474 | ||
| 003 | CHAP | ||
| 005 | 20220329144135.0 | ||
| 008 | 140902s2013 it a |r| ||||||fre d | ||
| 010 | _a106936 | ||
| 011 | _a107908 | ||
| 020 | _a9789252075363 | ||
| 040 | _cCHAP | ||
| 082 | 0 | 4 |
_a551.48 _bF21f |
| 245 | 1 | 0 |
_aInsigne de l'ea / _cpor FAO. |
| 260 |
_aRoma : _bFAO, _c2013. |
||
| 300 |
_a95 pl : _bil. |
||
| 490 | 1 | _aLearning and Action Series | |
| 590 |
_aE5995AHE _b05 _c20140902 _lUCH01 _h1352 |
||
| 590 |
_aE5995AHE _b05 _c20140902 _lUCH01 _h1401 |
||
| 590 |
_aE5995AHE _b05 _c20140902 _lUCH01 _h1452 |
||
| 650 | 1 | 4 |
_aAgua _xAbastecimiento. _92223 |
| 650 | 1 | 4 |
_aAgua _xConservación. _92319 |
| 650 | 1 | 4 |
_aHidrología. _955257 |
| 650 | 1 | 4 |
_aOrdenación de aguas. _983422 |
| 710 | 1 |
_aYouth and United Nations Global Alliance. _9125151 |
|
| 830 | 0 |
_aLearning and Action Series _9125152 |
|
| 901 | _aBK | ||
| 942 | _cLIBRO | ||
| 942 | _n0 | ||
| 999 |
_c106936 _d106936 |
||